| 000 | 01224nam1a22003011i 4500 | ||
|---|---|---|---|
| 001 | rc\596277 | ||
| 005 | 20241114175637.0 | ||
| 035 | _a(NLR Aleph) 005949411 | ||
| 090 |
_a6750999 _c6750999 |
||
| 100 | _a20031121d1986 k y0rusy50 ca | ||
| 101 | 0 | _arus | |
| 102 | _aRU | ||
| 105 | _ay j|||||||| | ||
| 200 | 1 |
_aМетодика преподавания русского языка в армянской школе _fН.А. Байбуртян, И.М. Геодакян, Б.М. Есаджанян |
|
| 210 |
_aЕреван _cЛуйс _d1986 |
||
| 215 | _d23 | ||
| 225 | 1 | _aБиблиотека учителя | |
| 300 | _aНа переплете авторы не указаны | ||
| 606 |
_aРусский язык _xМетодика преподавания _xАрмянская школа _91546835 _3RU\NLR\AUTH\66976125 |
||
| 686 | 1 | _aЧ426.132армянская-2 | |
| 700 | 1 |
_aБайбуртян _bН. А. _gНазели Арамаисовна |
|
| 701 | 1 |
_aГеодакян _bИ. М. _gИрина Мушеговна |
|
| 701 | 1 |
_aЕсаджанян _bБ. М. _f1930- _gБелла Марковна |
|
| 801 | 0 |
_aRU _bNLR _gpsbo |
|
| 801 | 1 |
_aRU _bELAR _2rusmarc |
|
| 852 |
_aNLR _j86-5/6966 |
||
| 942 | _cBOOK | ||